| 000 | 00612cam a2200181 4500 | ||
|---|---|---|---|
| 001 | WB3617-01 | ||
| 008 | 000000n2000 000 0 eng u | ||
| 035 | _a(Sirsi) u105670 | ||
| 245 | _aClients charter too soft | ||
| 260 | _c2000 | ||
| 490 |
_aContract Journal _v403(6274) 27 April 2000, 3(1) |
||
| 520 | _aThe Construction Clients' Forum has launched its draft charter aimed at improving client performance. It has already been criticised for being soft on clients. | ||
| 590 | _aWB | ||
| 650 | _aCONSTRUCTION CLIENTS FORUM | ||
| 650 | _aCLIENTS CHARTER | ||
| 690 | _aBUILT ENVIRONMENT | ||
| 942 | _n0 | ||
| 999 |
_c63288 _d63288 |
||